000 01006naa a22002897a 4500
001 BR8705713
003 BR-BrBNA
005 20240918175846.0
007 ta
008 230509b bl.||||| |||| 00| 0 por d
040 _aBR-BrBNA
_bpor
_cBiblioteca Nacional de Agricultura
041 _a(Pt)
072 _aH20
_b4030
_b1000
090 _aH20 BR8705713
100 1 _aOliveira, C.A.L. de
111 1 _a2. Simposio de Citricultura
_cBebedouro, SP (Brazil)
_d16-18 Oct 1985
245 1 _aControle do acaro da Leprose Brevipalpus phoenicis (Geijsbes, 1939)em citros
260 3 _aBebedouro, SP (Brasil):
_c1985.
500 _aAnais do 2. Simposio de Citricultura Bebedouro, SP (Brasil): 1985. p. 45-56 (BR8705713-AM)H20
650 _aLEPROSE CITRICA
650 _aACARO
650 _aERRADICACAO
650 _aFRUTA CITRICA
773 0 _tAnais do 2. Simposio de Citricultura
_wH20 BR8705713
_gBebedouro, SP (Brasil), 1985. p. 45-56
909 _a202404
_bLucia
_c55
_dLucia Elande
942 _cAM
_2AGRIS
999 _c318459
_d318459